000 00338 a2200157 4500
001 74937
020 _a9788516059248
040 _cAnchieta - Colégio São Paulo
100 _aOrensztejn, Miriam
240 1 0 _aGeografia
_lpor
245 1 0 _aGeografia
300 _a136
362 0 _a2009
650 4 _aGeografia e viagens
942 _cBK
999 _c74937
_d74937